Проліски (Запис № 17602)

000 -Маркер запису
Контрольне поле сталої довжини 01855nam a22002537a 4500
003 - Належність контрольного номера
Контрольне поле Uzh_bibl
008 - Кодовані дані
Контрольне поле сталої довжини 260501b |||||||| |||| 00| 0 ukr d
020 ## - Індекс ISBN
Ціна 1.00
040 ## - Джерело каталогіз.
Служба первин.кат. укр.
041 ## - Код мови видання
Код мови оригіналу українська
Код мови тексту українська
080 ## - Індекс УДК
Індекс УДК 821(477)
090 ## - Шифри
Поличний індекс 821(477)
Авторський знак М 74
100 ## - Автор
Автор Мокрієв, Юрій
245 ## - Назва
Назва Проліски
Фізичний носій Текст
260 ## - Вихідні дані
Місце видання Київ
Видавництво Мистецтво
Дата видання 1981
300 ## - Фізичний опис
Обсяг 228 с.
Тип одиниці В опр.
520 ## - Анотація
Анотація До збірника відомого українського радянського письменника ввійшли драми «І словом, і піснею... (Проліски)», «Слід на землі», комедії «Королева тюльпанів», «А мимо пролітають поїзди...» та «Чемодан надій». Остання написана в співавторстві з В. Рогозинським. У цих творах розглядаються питання формування особистості, виховання характеру громадянина, патріота своєї Вітчизни. Розрахований на керівників і учасників народних театрів, самодіяльних драматичних гуртків, широкі кола шанувальників театрального мистецтва.
521 ## - Примітка про цільове призначення
Примітка про цільове призначення Для широкого кола читачів
546 ## - Примітка про мову
Примітка про мову укр.
650 ## - Тематичні рубрики
Основна рубрика Літературно-художнє видання
Хронологічна підрубрика Переважно ХХ століття (радянський період)
Географічна підрубрика Україна
653 ## - Ключові слова
Ключові слова Людина
-- Мораль
-- Стосунки
-- Праця
-- Суспільство
655 ## - Термін індексування — жанр/форма
Жанр/форма Збірник п’єс (драматургія)
Типове ділення Збірник п'єс
942 ## - ADDED ENTRY ELEMENTS (KOHA)
Джерело класифікації чи схема поличного розташування
Koha item type Книги
Фонди
Статус вилучення Статус втрати/відсутності Джерело класифікації чи схема поличного розташування Статус пошкодження Тип обігу (не для випозичання) Постійне розташування Поточне розташування Розташування у відділі Дата надходження Інвентарний номер Total Checkouts Повний (примірниковий) шифр зберігання Штрих-код Date last seen Дата, для якої чинна ціна заміни Тип одиниці (рівень примірника)
          Публічна бібліотека Публічна бібліотека Абонемент 01/05/2026 11870   821(477) 20338 01/05/2026 01/05/2026 Книги

Працює на АБІС Коха